000 00723nam a2200193Ia 4500
008 151121s9999||||xx |||||||||||||| ||und||
082 _aबा।वि।
082 _bHNW-72929
100 _a"जोशी, गर्गे"
245 _aविज्ञानतील अनपेक्षित शोध-1
260 _b"साके त प्रकाशन, औरंगाबाद।"
260 _c--
300 _a35
600 _a"जोशी, गर्गे"
630 _aविज्ञानतील अनपेक्षित शोध-1
700 _a"जोशी, गर्गे"
730 _aविज्ञानतील अनपेक्षित शोध-1
942 _cBOOK
999 _c1254387
_d1254384